Statistics for Detroit Pistons All-Time Starting 5

Click here to take the quiz!

General Stats

  • This quiz has been taken 89 times
  • The average score is 5 of 7

Answer Stats

PositionAnswer% Correct
PGIsiah Thomas
98%
CBen Wallace
84%
SGJoe Dumars
83%
PFBill Laimbeer
80%
SFDennis Rodman
76%
6th ManChauncey Billups
72%
CoachLarry Brown
29%

Score Distribution

Percentile by Number Answered

Percent of People with Each Score

Your Score History

You have not taken this quiz